|
|
|
|
| LEADER |
00000nam a2200000 a 4500 |
| 001 |
29113 |
| 003 |
AGDB |
| 005 |
20260324181541.0 |
| 008 |
251205b spa||||| |||| 00| 0 cat d |
| 040 |
|
|
|a agdb
|b cat
|
| 041 |
|
|
|a Suec
|
| 245 |
|
|
|a Junyer :
|b Göteborgs Konstmuseum
|h (targeta)
|
| 260 |
|
|
|a Göteborgs :
|b Isacsons GBG,
|c [1952]
|
| 300 |
|
|
|a targeta :
|b il·lustració en blanc i negre ;
|c 15 x 10 cm
|
| 380 |
|
|
|a Targeta
|
| 500 |
|
|
|a Prové del fons Joan Junyer i Pascual (1909-1994)
|
| 500 |
|
|
|a Targeta d'invitació a l'exposició celebrada a Göteborgs Konstmuseum, Göteborgs, del 15 de febrer al 2 de març de 1952
|
| 505 |
|
|
|a I. Målningar = Pintures / II. Integration av måleri och arkitektur = Integració de pintura i arquitectura / III. Integration av måleri och dans = Integració de pintura i dansa.
|
| 600 |
|
0 |
|a Junyer, Joan,
|d 1904-1994
|v Exposicions
|9 72867
|
| 650 |
|
|
|a Fons Joan Junyer i Pascual (1909-1994)
|9 72777
|
| 650 |
|
0 |
|a Art
|x Exposicions
|2 Arxiu
|9 43798
|
| 655 |
|
0 |
|a Targetes postals
|9 52685
|
| 700 |
|
|
|a Junyer, Joan,
|d 1904-1994
|9 53028
|
| 710 |
|
|
|a Göteborgs konstmuseum
|9 72871
|e institució d'acollida
|
| 942 |
|
|
|2 udc
|c ARXIU
|n 1
|
| 952 |
|
|
|0 0
|1 0
|2 udc
|4 0
|6 F504201
|7 1
|9 98760
|a Arxiu
|b Arxiu
|d 2025-12-05
|l 0
|o F-504-201
|p 29113
|r 2025-12-05 12:26:10
|w 2025-12-05
|y ARXIU
|
| 952 |
|
|
|0 0
|1 0
|2 udc
|4 0
|6 F504202
|7 1
|9 98762
|a Arxiu
|b Arxiu
|d 2025-12-05
|l 0
|o F-504-202
|p 29114
|r 2025-12-05 12:35:09
|w 2025-12-05
|y ARXIU
|
| 952 |
|
|
|0 0
|1 0
|2 udc
|4 0
|6 F504203
|7 1
|9 98763
|a Arxiu
|b Arxiu
|d 2025-12-05
|l 0
|o F-504-203
|p 29115
|r 2025-12-05 12:36:14
|w 2025-12-05
|y ARXIU
|
| 952 |
|
|
|0 0
|1 0
|2 udc
|4 0
|6 F504204
|7 1
|9 98764
|a Arxiu
|b Arxiu
|d 2025-12-05
|l 0
|o F-504-204
|p 29116
|r 2025-12-05 12:37:11
|w 2025-12-05
|y ARXIU
|
| 952 |
|
|
|0 0
|1 0
|2 udc
|4 0
|6 F504205
|7 1
|9 98765
|a Arxiu
|b Arxiu
|d 2025-12-05
|l 0
|o F-504-205
|p 29117
|r 2025-12-05 12:38:26
|w 2025-12-05
|y ARXIU
|
| 952 |
|
|
|0 0
|1 0
|2 udc
|4 0
|6 F504206
|7 1
|9 98766
|a Arxiu
|b Arxiu
|d 2025-12-05
|l 0
|o F-504-206
|p 29118
|r 2025-12-05 12:39:41
|w 2025-12-05
|y ARXIU
|
| 952 |
|
|
|0 0
|1 0
|2 udc
|4 0
|6 F504207
|7 1
|9 98767
|a Arxiu
|b Arxiu
|d 2025-12-05
|l 0
|o F-504-207
|p 29119
|r 2025-12-05 12:40:40
|w 2025-12-05
|y ARXIU
|
| 952 |
|
|
|0 0
|1 0
|2 udc
|4 0
|6 F504208
|7 1
|9 98768
|a Arxiu
|b Arxiu
|d 2025-12-05
|l 0
|o F-504-208
|p 29120
|r 2025-12-05 12:41:27
|w 2025-12-05
|y ARXIU
|
| 952 |
|
|
|0 0
|1 0
|2 udc
|4 0
|6 F504209
|7 1
|9 98770
|a Arxiu
|b Arxiu
|d 2025-12-05
|l 0
|o F-504-209
|p 29121
|r 2025-12-05 12:43:38
|w 2025-12-05
|y ARXIU
|
| 952 |
|
|
|0 0
|1 0
|2 udc
|4 0
|6 F504210
|7 1
|9 98771
|a Arxiu
|b Arxiu
|d 2025-12-05
|l 0
|o F-504-210
|p 29122
|r 2025-12-05 12:44:35
|w 2025-12-05
|y ARXIU
|
| 952 |
|
|
|0 0
|1 0
|2 udc
|4 0
|6 F504246
|7 1
|9 98832
|a Arxiu
|b Arxiu
|d 2025-12-05
|l 0
|o F-504-246
|p 29154
|r 2025-12-19 12:44:47
|w 2025-12-05
|y ARXIU
|z Notes manuscrites al verso
|
| 999 |
|
|
|c 130476
|d 130476
|